000 00942nmm a2200289 a 4500
001 ocm000964949
003 TR-IsHL
005 20201028150736.0
008 150110s2014 tu tur
007 cr cn
020 _a9789756865910
035 _a964949
_b(N$T)
050 0 4 _aPG3476.E5
_bB8719 2014
090 0 4 _aPG3476.E5
_bB8719 2014
100 1 _aEhrenburg, İlya
245 1 0 _aFırtına 1: roman
_h[electronic resource] /
_cİlya Ehrenburg ; Fransızcadan çeviren Aydın Emeç
250 _a3.basım
260 _aİstanbul :
_bEvrensel Basım Yayın,
_c2014
300 _a489 p.
650 4 _aDil ve Edebiyat
650 4 _aLanguage and Literature
650 0 _aRus romanı
650 0 _aRussian fiction
650 7 _aLITERARY COLLECTIONS / Russian & Former Soviet Union
_2bisacsh
700 1 _aEmeç, Aydın
856 4 0 _uhttp://search.ebscohost.com/login.aspx?direct=true&scope=site&db=e011xww&AN=964949
999 _c10638
_d10638